Guía ambiental apícola (Registro nro. 5339)

Detalles MARC
000 -CABECERA
Campo de control 00777nam a2200265 a 4500
005 - FECHA Y HORA DE LA ULTIMA TRANSACCION
Campo de control 20200104041558.0
008 - ELEMENTOS DE LONGITUD FIJA—INFORMACION GENERAL
Campo de control 140127b2006 ck ||||| |||| 00| 0 spa d
020 ## - ISBN
ISBN 9789588151700
040 ## - FUENTE DE CATALOGACIÓN
Agencia catalogadora original CO-BoIAVH
Agencia transcriptora CO-BoIAVH
041 ## - IDIOMA
Código de idioma para texto/pista de sonido o título separado Español
044 ## - PAÍS DE PUBLICACIÓN
País de publicación Colombia
082 ## - NUMERO DE CLASIFICACION DECIMAL DEWEY
Número de clasificación 638.1
Número del ítem S58g
100 1# - ASIENTO PRINCIPAL--NOMBRE PERSONAL
Nombre personal Silva Garnica, Diego
9 (RLIN) 5168
245 ## - MENCION DE TITULO
Título Guía ambiental apícola
260 ## - PUBLICACION, DISTRIBUCION, ETC. (PIE DE IMPRENTA)
Lugar de publicación, distribución, etc. Bogotá
Nombre del editor, distribuidor, etc. Instituto Alexander von Humboldt
Fecha de publicación, distribución, etc. 2006
300 ## - DESCRIPCION FISICA
Extensión 142 páginas
650 14 - ASIENTO SECUNDARIO DE MATERIA - TERMINO TEMATICO
Término temático o nombre geográfico como elemento de entrada Gestión ambiental
9 (RLIN) 92206
650 14 - ASIENTO SECUNDARIO DE MATERIA - TERMINO TEMATICO
Término temático o nombre geográfico como elemento de entrada Apicultura
9 (RLIN) 206
650 14 - ASIENTO SECUNDARIO DE MATERIA - TERMINO TEMATICO
Término temático o nombre geográfico como elemento de entrada Biocomercio sostenible
9 (RLIN) 82578
650 14 - ASIENTO SECUNDARIO DE MATERIA - TERMINO TEMATICO
Término temático o nombre geográfico como elemento de entrada Conservación de la Biodiversidad
9 (RLIN) 56
700 ## - ASIENTO SECUNDARIO - NOMBRE PERSONAL
Nombre personal Arcos Dorado, Adriana Lucía
9 (RLIN) 2367
700 ## - ASIENTO SECUNDARIO - NOMBRE PERSONAL
Nombre personal Gómez Díaz, José Antonio
9 (RLIN) 3256
942 ## - ELEMENTOS ADICIONALES (KOHA)
Tipo de ítem Libro
Sistema de clasificación Dewey Decimal Classification
945 ## - PROCESAMIENTO LOCAL
AAAA-MM-DD - Fecha de ingreso o modificacion 2006-10-13
Existencias
Withdrawn status Lost status Sistema de Clasificación Damaged status No para préstamo Colección Ubicación Permanente Ubicación actual Fecha de adquisición Total Checkouts Número topográfico Inventario / Código de Barras Date last seen Ejemplar Price effective from Forma de adquisición Tipo de material Inventariado Fuente de Valor Valor Date checked out
    Dewey Decimal Classification     Humboldt Bogotá Bogotá 08/05/2007   IAVH-638.1 S58g 024039 04/12/2012 Ej. 1 04/12/2012 Institucional Libro Inventariado 2017 Instituto 30000.00  
    Dewey Decimal Classification     Humboldt Bogotá Bogotá 08/05/2007 1 IAVH-638.1 S58g 024040 13/05/2019 Ej. 2 04/12/2012 Institucional Libro Inventariado 2017 Instituto 30000.00 13/05/2019
    Dewey Decimal Classification     Humboldt Bogotá Bogotá 25/09/2013   IAVH-638.1 S58g 029497 25/09/2013 Ej. 3 25/09/2013 Institucional Libro Inventariado 2017 Instituto 30000.00  
    Dewey Decimal Classification     Humboldt Sala Fabio Quevedo Sala Fabio Quevedo 18/07/2014   IAVH-638.1 S58g 024038 04/12/2012 Ej. 4 04/12/2012   Libro Inventariado 2017 Instituto 30000.00  
    Local     Referencia Villa de Leyva Villa de Leyva 13/10/2006   IAVH-00546 023209 04/12/2012 Ej. 1 04/12/2012   Libro